Guess the 1960s song lyrics #103 - Statistics

General Stats
  • This quiz has been taken 24 times
  • The average score is 189 of 323
Answer Stats
Answer % Correct
a
100%
I
100%
you
100%
and
95%
And
95%
me
95%
the
95%
love
91%
We
91%
be
86%
he
86%
That
86%
that
86%
can
82%
is
82%
not
82%
of
82%
to
82%
on
77%
so
77%
this
77%
for
73%
in
73%
it's
73%
man
73%
then
73%
are
68%
day
68%
Don't
64%
don't
64%
mine
64%
our
64%
did
59%
how
59%
now
59%
Now
59%
out
55%
think
55%
groovy
50%
they
50%
about
45%
gave
45%
knew
45%
one
45%
people
45%
find
41%
friend
41%
afraid
36%
call
36%
may
36%
needs
36%
together
36%
things
32%
care
27%
gettin
27%
mind
27%
talked
23%
finally
18%
little
18%
sat
18%
thinking
18%
wonderful
18%
darkness
14%
everybody
14%
Everybody
14%
Friend and Lover
14%
Reach
14%
reach
14%
somebody
14%
Listen
9%
No matching quizzes found
Score Distribution
Percent of People with Each Score
Percentile by Number Answered
Your Score History
You have not taken this quiz